<?xml version="1.0" encoding="UTF-8"?>
<record
    xmlns:xsi="http://www.w3.org/2001/XMLSchema-instance"
    xsi:schemaLocation="http://www.loc.gov/MARC21/slim http://www.loc.gov/standards/marcxml/schema/MARC21slim.xsd"
    xmlns="http://www.loc.gov/MARC21/slim">

  <leader>00656nam a22002417a 4500</leader>
  <controlfield tag="003">UA-OsUOA</controlfield>
  <controlfield tag="001"> 91096 </controlfield>
  <controlfield tag="007">ta</controlfield>
  <controlfield tag="008">20121122b un ||||| |||| 00| 0 ukr d</controlfield>
  <datafield tag="100" ind1=" " ind2=" ">
    <subfield code="a">&#x41A;&#x430;&#x43B;&#x434;&#x43E;&#x43D; &#x411;.</subfield>
  </datafield>
  <datafield tag="700" ind1=" " ind2=" ">
    <subfield code="a">&#x417;&#x431;&#x43E;&#x457;&#x43D;&#x430; &#x411;.</subfield>
  </datafield>
  <datafield tag="090" ind1=" " ind2=" ">
    <subfield code="a">159.923:316.62</subfield>
    <subfield code="b">&#x41A;17</subfield>
  </datafield>
  <datafield tag="942" ind1=" " ind2=" ">
    <subfield code="c">BK</subfield>
  </datafield>
  <datafield tag="040" ind1=" " ind2=" ">
    <subfield code="a">UA-OsUOA</subfield>
    <subfield code="b">ukr</subfield>
    <subfield code="c">UA-OsUOA</subfield>
    <subfield code="d">UA-OsUOA</subfield>
  </datafield>
  <datafield tag="245" ind1=" " ind2=" ">
    <subfield code="a">&#x414;&#x435;&#x432;&#x456;&#x430;&#x43D;&#x442;&#x43D;&#x456; &#x430;&#x441;&#x43F;&#x435;&#x43A;&#x442;&#x438; &#x440;&#x43E;&#x437;&#x432;&#x438;&#x442;&#x43A;&#x443; &#x43B;&#x44E;&#x434;&#x438;&#x43D;&#x438;</subfield>
  </datafield>
  <datafield tag="300" ind1=" " ind2=" ">
    <subfield code="a">216 &#x441;.</subfield>
  </datafield>
  <datafield tag="955" ind1=" " ind2=" ">
    <subfield code="a">2</subfield>
  </datafield>
  <datafield tag="041" ind1=" " ind2=" ">
    <subfield code="a">ukr</subfield>
    <subfield code="h">&#x41C;&#x43E;&#x432;&#x430; &#x43E;&#x440;&#x438;&#x433;&#x456;&#x43D;&#x430;&#x43B;&#x443;</subfield>
  </datafield>
  <datafield tag="080" ind1=" " ind2=" ">
    <subfield code="a">159.923:316.62</subfield>
  </datafield>
  <datafield tag="260" ind1=" " ind2=" ">
    <subfield code="a">&#x41E;&#x441;&#x442;&#x440;&#x43E;&#x433;</subfield>
    <subfield code="b">&#x41D;&#x430;&#x423;&#x41E;&#x410;</subfield>
    <subfield code="c">2012</subfield>
  </datafield>
  <datafield tag="650" ind1=" " ind2="7">
    <subfield code="a">159.9 &#x41F;&#x441;&#x438;&#x445;&#x43E;&#x43B;&#x43E;&#x433;&#x456;&#x44F;</subfield>
    <subfield code="2">UDC</subfield>
  </datafield>
  <datafield tag="999" ind1=" " ind2=" ">
    <subfield code="c">377361</subfield>
    <subfield code="d">377361</subfield>
  </datafield>
  <datafield tag="952" ind1=" " ind2=" ">
    <subfield code="0">0</subfield>
    <subfield code="1">0</subfield>
    <subfield code="2">udc</subfield>
    <subfield code="4">0</subfield>
    <subfield code="7">0</subfield>
    <subfield code="a">102</subfield>
    <subfield code="b">102</subfield>
    <subfield code="d">2012-11-22</subfield>
    <subfield code="e">70/2012</subfield>
    <subfield code="g">10.00</subfield>
    <subfield code="i">140818</subfield>
    <subfield code="l">0</subfield>
    <subfield code="o">159.923:316.62 &#x41A;17</subfield>
    <subfield code="p">140818</subfield>
    <subfield code="r">2024-04-04 12:01:46</subfield>
    <subfield code="w">2012-11-22</subfield>
    <subfield code="y">BK</subfield>
  </datafield>
  <datafield tag="952" ind1=" " ind2=" ">
    <subfield code="0">0</subfield>
    <subfield code="1">0</subfield>
    <subfield code="2">udc</subfield>
    <subfield code="4">0</subfield>
    <subfield code="7">0</subfield>
    <subfield code="a">102</subfield>
    <subfield code="b">102</subfield>
    <subfield code="d">2012-11-22</subfield>
    <subfield code="e">70/2012</subfield>
    <subfield code="g">10.00</subfield>
    <subfield code="i">140819</subfield>
    <subfield code="l">0</subfield>
    <subfield code="o">159.923:316.62 &#x41A;17</subfield>
    <subfield code="p">140819</subfield>
    <subfield code="r">2022-02-07 00:00:00</subfield>
    <subfield code="w">2012-11-22</subfield>
    <subfield code="y">BK</subfield>
  </datafield>
  <datafield tag="952" ind1=" " ind2=" ">
    <subfield code="0">0</subfield>
    <subfield code="1">0</subfield>
    <subfield code="2">udc</subfield>
    <subfield code="4">0</subfield>
    <subfield code="7">0</subfield>
    <subfield code="a">102</subfield>
    <subfield code="b">102</subfield>
    <subfield code="d">2012-11-22</subfield>
    <subfield code="e">70/2012</subfield>
    <subfield code="g">10.00</subfield>
    <subfield code="i">140820</subfield>
    <subfield code="l">0</subfield>
    <subfield code="o">159.923:316.62 &#x41A;17</subfield>
    <subfield code="p">140820</subfield>
    <subfield code="r">2022-02-07 00:00:00</subfield>
    <subfield code="w">2012-11-22</subfield>
    <subfield code="y">BK</subfield>
  </datafield>
  <datafield tag="952" ind1=" " ind2=" ">
    <subfield code="0">0</subfield>
    <subfield code="1">0</subfield>
    <subfield code="2">udc</subfield>
    <subfield code="4">0</subfield>
    <subfield code="7">0</subfield>
    <subfield code="a">102</subfield>
    <subfield code="b">102</subfield>
    <subfield code="d">2012-11-22</subfield>
    <subfield code="e">70/2012</subfield>
    <subfield code="g">10.00</subfield>
    <subfield code="i">140821</subfield>
    <subfield code="l">0</subfield>
    <subfield code="o">159.923:316.62 &#x41A;17</subfield>
    <subfield code="p">140821</subfield>
    <subfield code="r">2022-02-06 00:00:00</subfield>
    <subfield code="w">2012-11-22</subfield>
    <subfield code="y">BK</subfield>
  </datafield>
  <datafield tag="952" ind1=" " ind2=" ">
    <subfield code="0">0</subfield>
    <subfield code="1">0</subfield>
    <subfield code="2">udc</subfield>
    <subfield code="4">0</subfield>
    <subfield code="7">0</subfield>
    <subfield code="8">C_PASICHNYK_ID</subfield>
    <subfield code="a">102</subfield>
    <subfield code="b">102</subfield>
    <subfield code="d">2019-02-18</subfield>
    <subfield code="e">8/2019</subfield>
    <subfield code="g">10.00</subfield>
    <subfield code="i">161068</subfield>
    <subfield code="l">0</subfield>
    <subfield code="o">159.923:316.62 &#x41A;17</subfield>
    <subfield code="p">161068</subfield>
    <subfield code="r">2022-02-07 00:00:00</subfield>
    <subfield code="w">2012-11-22</subfield>
    <subfield code="y">BK</subfield>
  </datafield>
</record>
